ბათუმის შოთა რუსთაველის სახელმწიფო უნივერსიტეტის ბიბლიოთეკა

ორგანიზაციული მენეჯმენტი (ბიბ.ჩანაწერი № 34630)

000 -LEADER
fixed length control field 00734nam a2200217Ia 4500
001 - CONTROL NUMBER
control field 395
003 - CONTROL NUMBER IDENTIFIER
control field GE_BSU
008 - FIXED-LENGTH DATA ELEMENTS--GENERAL INFORMATION
fixed length control field 181216s||||||||xx |||||||||||||| ||und||
020 ## - INTERNATIONAL STANDARD BOOK NUMBER
International Standard Book Number 9789995052523
040 ## - CATALOGING SOURCE
Transcribing agency GE_BSU
080 ## - UNIVERSAL DECIMAL CLASSIFICATION NUMBER
Universal Decimal Classification number 005.7(075.8)
100 ## - MAIN ENTRY--PERSONAL NAME
Personal name გურაბანიძე,ვაჟა;ქიქოძე,ნუნუ;გურესაშვილი, ლამარა
245 ## - TITLE STATEMENT
Title ორგანიზაციული მენეჯმენტი
245 ## - TITLE STATEMENT
Statement of responsibility, etc. რედ. ნინო ჩიხლაძე
260 ## - PUBLICATION, DISTRIBUTION, ETC.
Place of publication, distribution, etc. ქუთაისი
260 ## - PUBLICATION, DISTRIBUTION, ETC.
Date of publication, distribution, etc. 2007
300 ## - PHYSICAL DESCRIPTION
Extent 186გვ.
653 ## - INDEX TERM--UNCONTROLLED
Uncontrolled term ორგანიზაციული მენეჯმენტი
942 ## - ADDED ENTRY ELEMENTS (KOHA)
Koha item type წიგნი
ეგზემპლარები
Withdrawn status Lost status Damaged status Not for loan Date acquired Barcode Date last seen Price effective from Koha item type
        2018-12-17 1814 2018-12-17 2018-12-17 წიგნი